Statistics for Famous People With The First Name Michael (photos)

Click here to take the quiz!

General Stats

  • This quiz has been taken 54 times
  • The average score is 8 of 14

Answer Stats

Answer% Correct
Michael Jackson
100%
Michael J. Fox
82%
Michael Jordan
80%
Michael Douglas
80%
Michael Phelps
75%
Michael Schumacher
67%
Michael Bublé
67%
Michael Keaton
63%
Michael Moore
63%
Michael Caine
57%
Michael Bolton
47%
Michael Ballack
31%
Michael Faraday
14%
Michael Johnson
14%

Score Distribution

Percentile by Number Answered

Percent of People with Each Score

Your Score History

You have not taken this quiz